Género y derechos : guia metodológica para docentes / (Registro nro. 44371)
[ vista simple ]
| 000 -CABECERA | |
|---|---|
| campo de control de longitud fija | 01045nam a2200265 a 4500 |
| 001 - NÚMERO DE CONTROL | |
| campo de control | 000044882 |
| 003 - IDENTIFICADOR DEL NÚMERO DE CONTROL | |
| campo de control | OSt |
| 005 - FECHA Y HORA DE LA ÚLTIMA TRANSACCIÓN | |
| campo de control | 20210405151200.0 |
| 008 - DATOS DE LONGITUD FIJA--INFORMACIÓN GENERAL | |
| campo de control de longitud fija | 150115s2014 dr 000 0 spa d |
| 040 ## - FUENTE DE LA CATALOGACIÓN | |
| Centro catalogador/agencia de origen | DO-SdBNP |
| Lengua de catalogación | spa |
| Centro/agencia transcriptor | BNPHU |
| 082 #4 - NÚMERO DE LA CLASIFICACIÓN DECIMAL DEWEY | |
| Número de clasificación | 323.34 |
| Número de documento/Ítem | G326d |
| 245 00 - MENCIÓN DE TÍTULO | |
| Título | Género y derechos : guia metodológica para docentes / |
| Mención de responsabilidad, etc. | consultoras Alina Ramírez, Cristina Santillán Idoate, Helena Martínez Bueno |
| 260 ## - PUBLICACIÓN, DISTRIBUCIÓN, ETC. | |
| Lugar de publicación, distribución, etc. | Santo Domingo : |
| Nombre del editor, distribuidor, etc. | Policía Nacional, |
| -- | Profamilia, |
| Fecha de publicación, distribución, etc. | 2014. |
| 300 ## - DESCRIPCIÓN FÍSICA | |
| Extensión | 2 v. ; |
| Dimensiones | 28 cm. |
| 500 ## - NOTA GENERAL | |
| Nota general | Incluye referencias bibliográficas y notas al pie de las paginas |
| 500 ## - NOTA GENERAL | |
| Nota general | Incluye bibliografía al final de los capítulos |
| 590 ## - NOTA LOCAL (RLIN) | |
| Nota local | Inventariado, 2021/MFF |
| 650 #4 - PUNTO DE ACCESO ADICIONAL DE MATERIA--TÉRMINO DE MATERIA | |
| Término de materia o nombre geográfico como elemento de entrada | Mujeres |
| Subdivisión geográfica | República Dominicana |
| Subdivisión general | Condiciones sociales |
| 9 (RLIN) | 21072 |
| 650 #4 - PUNTO DE ACCESO ADICIONAL DE MATERIA--TÉRMINO DE MATERIA | |
| Término de materia o nombre geográfico como elemento de entrada | Derechos de la mujer |
| Subdivisión geográfica | República Dominicana |
| 9 (RLIN) | 2757 |
| 700 1# - PUNTO DE ACCESO ADICIONAL--NOMBRE DE PERSONA | |
| Nombre de persona | Ramírez, Alina |
| 9 (RLIN) | 8554 |
| 700 1# - PUNTO DE ACCESO ADICIONAL--NOMBRE DE PERSONA | |
| Nombre de persona | Santillán Idoate, Cristina |
| 9 (RLIN) | 72887 |
| 700 1# - PUNTO DE ACCESO ADICIONAL--NOMBRE DE PERSONA | |
| Nombre de persona | Martínez Bueno, Helena |
| 9 (RLIN) | 72888 |
| 910 ## - DATOS DE OPCIÓN DEL USUARIO (OCLC) | |
| Datos de opción del usuario | Validado. Control de calidad MFF |
| 942 ## - ELEMENTOS DE PUNTO DE ACCESO ADICIONAL (KOHA) | |
| Fuente del sistema de clasificación o colocación | Dewey Decimal Classification |
| Tipo de ítem Koha | Libros y folletos |
| Estado de retiro | Estado de pérdida | Fuente del sistema de clasificación o colocación | No para préstamo | Código de colección | Localización permanente | Ubicación/localización actual | Ubicación en estantería | Fecha de adquisición | Número de inventario | Total de préstamos | Signatura topográfica completa | Código de barras | Fecha visto por última vez | Número de copia | Precio válido a partir de | Tipo de ítem Koha | Restricciones de uso |
|---|---|---|---|---|---|---|---|---|---|---|---|---|---|---|---|---|---|
| Dewey Decimal Classification | Préstamo en sala | Dominicana de Servicio | Biblioteca Nacional Pedro Henríquez Ureña | General | En catalogación | 15.01.2015 | LF1 | BNPHU DS 323.34 G326d | 44882-30 | 25.06.2020 | v.1, e. 3 | 25.06.2020 | Libro y Folleto Colección Dominicana de Servicio | ||||
| Dewey Decimal Classification | Excluido de préstamo | Dominicana de Servicio | General | General | En catalogación | 18.02.2015 | LF1 | 44882-60 | 25.06.2020 | v.2, e. 3 | 25.06.2020 | Libro y Folleto Colección Dominicana de Servicio | |||||
| Dewey Decimal Classification | Préstamo restrigido | Patrimonio Dominicano | Patrimonio Dominicano | Patrimonio Dominicano | En catalogación | 15.01.2015 | LF1 | BNPHU PD 323.34 G326d | 44882-10 | 25.06.2020 | v. 1 | 25.06.2020 | Libro y Folleto Colección Patrimonio Dominicano | Préstamo restringido | |||
| Dewey Decimal Classification | Excluido de préstamo | Patrimonio Dominicano | Patrimonio Dominicano | Patrimonio Dominicano | En catalogación | 15.01.2015 | LF1 | BNPHU PD 323.34 G326d | 44882-20 | 25.06.2020 | v.1, e. 2 | 25.06.2020 | Libro y Folleto Colección Patrimonio Dominicano | ||||
| Dewey Decimal Classification | Excluido de préstamo | Patrimonio Dominicano | Patrimonio Dominicano | Patrimonio Dominicano | En catalogación | 18.02.2015 | LF1 | 44882-40 | 25.06.2020 | v.2 | 25.06.2020 | Libro y Folleto Colección Patrimonio Dominicano | |||||
| Dewey Decimal Classification | Excluido de préstamo | Patrimonio Dominicano | Patrimonio Dominicano | Patrimonio Dominicano | En catalogación | 18.02.2015 | LF1 | 44882-50 | 25.06.2020 | v.2 , e. 2 | 25.06.2020 | Libro y Folleto Colección Patrimonio Dominicano |
